Living Dying: (Record no. 55971)

MARC details
000 -LEADER
fixed length control field 00864nam a22002417a 4500
005 - DATE AND TIME OF LATEST TRANSACTION
control field 20110825121443.0
008 - FIXED-LENGTH DATA ELEMENTS--GENERAL INFORMATION
fixed length control field 110825t xxu||||| |||| 00| 0 eng d
010 ## - LCCN (DPL NO)
LC control number ENG-103601
020 ## - INTERNATIONAL STANDARD BOOK NUMBER
Terms of availability 250.00
International Standard Book Number 9788185578972
035 ## - SYSTEM CONTROL NUMBER
System control number EN-87134
037 ## - SOURCE OF ACQUISITION
Source of stock number/acquisition DBAD/PUB
040 ## - CATALOGING SOURCE
Original cataloging agency DPL
Language of cataloging Eng
100 ## - MAIN ENTRY--PERSONAL NAME
9 (RLIN) 31629
Personal name Kothari, Manu
245 ## - TITLE STATEMENT
Title Living Dying:
Statement of responsibility, etc by Manu Kothari and Lopa Mehta
Remainder of title a new perspective on the phenomena of life,disease and death /
250 ## - EDITION STATEMENT
Edition statement 3rd ed
260 ## - PUBLICATION, DISTRIBUTION, ETC. (IMPRINT)
Place of publication, distribution, etc Mumbai
Name of publisher, distributor, etc Bhalani Publishing House
Date of publication, distribution, etc 2010
270 ## - ADDRESS
City Mumbai
Address 11 Mavawala Building, Opp. K.E.M. Hospital, parel
Postal code 400012
Electronic mail address bhalani@vsnl.com
300 ## - PHYSICAL DESCRIPTION
Extent 138p.
Dimensions 22cm (pbk)
650 ## - SUBJECT ADDED ENTRY--TOPICAL TERM
9 (RLIN) 31639
700 ## - ADDED ENTRY--PERSONAL NAME
9 (RLIN) 31640
Personal name Mehta, Lopa
942 ## - ADDED ENTRY ELEMENTS (KOHA)
Source of classification or shelving scheme Dewey Decimal Classification
Item type English Books
Call number suffix KOT
Holdings
Withdrawn status Lost status Source of classification or shelving scheme Damaged status Not for loan Collection code Home library Current library Date acquired Source of acquisition Cost, normal purchase price Total Checkouts Full call number Barcode Date last seen Copy number Cost, replacement price Koha item type
    Dewey Decimal Classification   Not For Loan Non-fiction D.B.Act.Division D.B.Act.Division 25/08/2011 DBAD / PUB 250.00   KOT EN-87134 25/08/2011 1 250.00 English Books

© Delhi Public Library
Hit Counter
free hit counter